000 00314nam a2200145Ia 4500
100 _aALLAN/ BARBARA PEASE
650 _aGeneral
942 _cBK
366 _f20
245 _aYOU CAN-PEOPLE SKILLS FOR LIFE
260 _bMANJUL PUBL.
_aBhopal
_c2011
082 _a170/ALL
300 _a105
546 _aENGLISH
999 _c34209
_d34209